Les films qui ne sont pas restés sans suite... - Statistiques

Statistiques générales
  • Ce quiz a été pris 44 fois
  • Le résultat moyen est 19 sur 60
Statistiques - réponses
Question Réponse % Correct
L'âge de glace - 2002 4
100%
Fast and Furious - 2001 9
100%
2001, Odyssée de l'espace - 1968 1
67%
Arthur et les Minimoys - 2006 2
67%
Austin Powers - 1997 2
67%
La cage aux folles - 1978 2
67%
Camping 2
67%
Le Parrain - 1972 2
67%
Retour vers le futur - 1985 2
67%
Anaconda - 1997 3
67%
L'arme fatale - 1987 3
67%
Piège de cristal - 1988 4
67%
L'Exorciste - 1973 4
67%
Taxi - 1998 4
67%
Beethoven - 1992 7
67%
Batman - 1989 9
67%
Allan Quatermain et les Mines du roi Salomon - 1985 1
33%
La Boum - 1980 1
33%
Le grand blond avec une chaussure noire - 1972 1
33%
Papa, maman, la bonne et moi - 1954 1
33%
Sister Act - 1992 1
33%
Moi, Emmanuelle - 1969 10
33%
Vendredi 13 - 1980 11
33%
After - 2019 2
33%
Charlie et ses drôles de dames - 2000 2
33%
Le Coeur des hommes - 2003 2
33%
Crocodile Dundee - 1986 2
33%
La Famille Addams - 1991 2
33%
Le flic de Beverly Hills - 1984 2
33%
French connection 1971 2
33%
La nuit au musée - 2006 2
33%
La Vérité si je mens ! - 1997 2
33%
Very bad trip - 2009 2
33%
Les dents de la mer - 1975 3
33%
Psychose - 1960 3
33%
Alvin et les Chipmunks - 1999 4
33%
Docteur Dolittle - 1967 5
33%
Police Academy - 1984 6
33%
Spider-man - 2002 7
33%
Le Saint à New-York - 1938 11
0%
Johnny English - 2003 2
0%
Portés disparus - 1984 2
0%
James Bond 007 contre Dr No - 1962 27
0%
Les 12 salopards - 1967 3
0%
Hunger games - 2012 3
0%
Men in black - 1997 3
0%
Robocop - 1987 3
0%
Highlander - 1986 4
0%
Scream - 1996 4
0%
Un justicier dans la ville - 1974 4
0%
Coplan - 1957 5
0%
Mission impossible - 1996 5
0%
Kickboxer - 1989 6
0%
Police story - 1985 6
0%
American Pie - 1999 7
0%
Lassie - 1943 7
0%
Massacre à la tronçonneuse - 1974 7
0%
Amytiville - 1979 8
0%
Freddy Krueger - 1984 8
0%
Superman - 1978 8
0%
Aucun quiz correspondant
Distribution des résultats
% des personnes avec chaque résultat
Percentile par nombre de réponses
Votre historique - résultats
Vous n’avez pas pris ce quiz